000 00576nam a22001697a 4500
003 OSt
005 20171010095534.0
008 121008t xxu||||| |||| 00| 0 eng d
040 _aMMSU
_cULS
100 _aSevillleja, Botany KC Anne S.
_913190
245 _aDevelopment of an electrical system profiler
_cSevillleja, Botany KC Anne S.
260 _c2008
300 _axi, [84] leaves
_c28 cm.
500 _aThesis (BS Electrical Engineering) -- Mariano Marcos State University-College of Engineering, Batac City
504 _aBibliography: leaf 56
942 _2ddc
_cTHEDIS
999 _c9824
_d9824